000 00477nab a2200145Ia 4500
003 ES-SlBCS
005 20210601133738.0
008 140529s2004 xxu||||| |||| 00| 0 por d
041 _apor
100 1 _aDonatoni, Alaíde Rita
_9209054
245 0 0 _aOs docentes universitários e a criaçao do ANDES - SN
_c Alaíde Rita Donatoni
650 0 4 _aAsociaciones Docentes
_9209109
773 0 _tEducaçao e Filosofia
_gvol. 18, nº. 35-36, 2004, págs. 179-205
_wRev1534
942 _cAR
999 _c601441
_d601441